| 000 | 00666nam a22002055i 4500 | ||
|---|---|---|---|
| 001 | 156239 | ||
| 003 | ES-MaACL | ||
| 005 | 20250727062615.0 | ||
| 008 | 940202s1883 fr |||| | fre d | ||
| 040 |
_aCAM _bspa |
||
| 100 | 1 |
_aJanet, Paul ( _d1823-1899) _966018 |
|
| 245 | 1 | 4 |
_aLes origines du socialisme contemporain / _cpar Paul Janet. |
| 260 |
_aParis : _bGermer Baillière, _c1883. |
||
| 300 |
_aV, 169 p. ; _c18 cm. |
||
| 490 | 1 | _aBibliotèque de Philosophie Contemporaine | |
| 650 | 7 |
_aSocialismo _2embne _917147 |
|
| 830 | 0 |
_aBibliotèque de Philosophie Contemporaine _9186365 |
|
| 852 |
_aES-MaACL _jF-12249 _z-- Enc. pasta |
||
| 999 |
_c156239 _d156239 |
||